Arcade Fire Album and Song Titles - Statistics

General Stats
  • This quiz has been taken 468 times
    304 since last reset
  • The average score is 43 of 69
Answer Stats
% Correct
3rd album The Suburbs
95%
1 The Suburbs
95%
16 The Suburbs (Continued)
95%
4th album Reflektor
92%
1-01 Reflektor
92%
1st album Funeral
89%
1 Neighborhood #1 (Tunnels)
89%
2nd album Neon Bible
89%
3 Neon Bible
89%
5th album Everything Now
87%
2 Everything Now
87%
1 Everything_Now (Continued)
87%
13 Everything Now (Continued)
87%
2 Neighborhood #2 (Laïka)
86%
7 Wake Up
84%
4 Neighborhood #3 (Power Out)
83%
15 Sprawl II (Mountains Beyond Mountains)
80%
8 Haïti
79%
14 Sprawl I (Flatland)
79%
5 Neighborhood #4 (7 Kettles)
77%
9 Rebellion (Lies)
76%
2 Ready To Start
73%
4 Rococo
72%
10 In the Backseat
70%
11 My Body Is a Cage
68%
10 No Cars Go
68%
2 Keep the Car Running
66%
4 Creature Comfort
63%
6 Crown of Love
63%
2-05 Afterlife
62%
1 Black Mirror
61%
4 Intervention
60%
3 Modern Man
59%
10 Month of May
58%
1-07 Joan of Arc
57%
5 Peter Pan
56%
1-04 Here Comes the Night Time
55%
11 Put Your Money On Me
55%
3 Une année sans lumière
55%
1-02 We Exist
54%
6 City With No Children
53%
9 Electric Blue
53%
7 Half Light I
53%
8 Half Light II (No Celebration)
53%
2-03 It's Never Over (Oh Orpheus)
53%
2-04 Porno
53%
9 Suburban War
53%
13 We Used To Wait
52%
12 Deep Blue
48%
2-02 Awful Sound (Oh Eurydice)
47%
6 Ocean of Noise
47%
1-03 Flashbulb Eyes
46%
12 We Don't Deserve Love
46%
8 (Antichrist Television Blues)
45%
2-06 Supersymmetry
45%
6 Chemistry
44%
7 Infinite Content
44%
8 Infinite_Content
44%
1-05 Normal Person
44%
3 Signs of Life
44%
7 The Well and the Lighthouse
43%
9 Windowsill
43%
2-01 Here Comes the Night Time II
42%
5 Empty Room
40%
5 Black Wave / Bad Vibrations
37%
11 Wasted Hours
37%
10 Good God Damn
28%
1-00 Reflektive Age
25%
1-06 You Already Know
25%
No matching quizzes found
Score Distribution
Percent of People with Each Score
Percentile by Number Answered
Your Score History
You have not taken this quiz since the last reset